The problems of modernity (Record no. 14384)
[ view plain ]
| 000 -LEADER | |
|---|---|
| fixed length control field | 00397nam a2200169Ia 4500 |
| 001 - CONTROL NUMBER | |
| control field | 13733 |
| 008 - FIXED-LENGTH DATA ELEMENTS--GENERAL INFORMATION | |
| fixed length control field | 140402s9999 xx 000 0 und d |
| 020 ## - INTERNATIONAL STANDARD BOOK NUMBER | |
| International Standard Book Number | 0-415-01066-7 |
| 040 ## - CATALOGING SOURCE | |
| Transcribing agency | PK-LaUMT |
| 082 ## - DEWEY DECIMAL CLASSIFICATION NUMBER | |
| Classification number | 306.01 |
| Item number | BEN-P |
| 100 ## - MAIN ENTRY--PERSONAL NAME | |
| Personal name | Benjamin, Andrew, Ed. |
| 245 #4 - TITLE STATEMENT | |
| Title | The problems of modernity |
| Statement of responsibility, etc | Benjamin, Andrew, Ed. |
| 260 ## - PUBLICATION, DISTRIBUTION, ETC. (IMPRINT) | |
| Date of publication, distribution, etc | 1989 |
| 300 ## - PHYSICAL DESCRIPTION | |
| Extent | 220 p. |
| 546 ## - LANGUAGE NOTE | |
| Language note | EN |
| 942 ## - ADDED ENTRY ELEMENTS (KOHA) | |
| Koha item type | Books |
| Withdrawn status | Lost status | Damaged status | Not for loan | Home library | Current library | Date acquired | Total Checkouts | Full call number | Barcode | Date last seen | Date checked out | Price effective from | Koha item type |
|---|---|---|---|---|---|---|---|---|---|---|---|---|---|
| UMT Main Campus | UMT Main Campus | 2014-04-02 | 1 | 306.01 BEN-P | 15710 | 2017-02-14 | 2017-02-14 | 2014-04-21 | Books |
